000 00341pam a2200157a 44500
008 230515b1923 xxu||||| |||| 00| 0 eng d
020 _aNULL
041 _aHINDI
082 _a1
100 _aKULKARNI
245 _aMANAS VIDYA-SHIKASHAK
250 _a1
260 _aNA
_bN.D.
_c1923
300 _a100
650 _aMANAS VIDYA-SHIKASHAK
999 _c496959
_d496959